| 000 | 00511pam a2200193 a 4500 | ||
|---|---|---|---|
| 020 | _c2477.17 | ||
| 040 | _aMedical College Libr | ||
| 041 |
_aENG _hENG |
||
| 082 |
_a618.92 _bCUL |
||
| 100 | _aCulbertson, Jan L.. | ||
| 245 |
_aSudden Infant Death Syndrome / _c _hTextual Documents |
||
| 260 |
_aLondon : _bEdward Arnold , _c1988. |
||
| 300 |
_a242 ; _c |
||
| 365 | _a2477.17 | ||
| 653 |
_aPaediatrics _aMedical Science |
||
| 930 | _a7858 | ||
| 999 |
_c7857 _d7857 |
||